Pokémon de Première Génération de A à Z (par images) - Statistiques

Statistiques générales
  • Ce quiz a été pris 225 fois
  • Le résultat moyen est 17 sur 19
Statistiques - réponses
Par images Hint Réponse % Correct
B Bulbizarre
99%
D Dracaufeu
99%
E Évoli
98%
P Pikachu
98%
T Tortank
98%
A Abra
97%
M Mew
97%
O Onix
97%
R Ronflex
97%
S Smogogo
96%
L Léviator
95%
I Insécateur
92%
C Canarticho
91%
V Voltorbe
89%
N Noadkoko
87%
F Flagadoss
84%
G Gravalanch
82%
K Kokiyas
71%
H Hypocéan
67%
Aucun quiz correspondant
Distribution des résultats
% des personnes avec chaque résultat
Percentile par nombre de réponses
Votre historique - résultats
Vous n’avez pas pris ce quiz